Benidorm Season 1-8 - Statistics

General Stats
  • This quiz has been taken 1,195 times
  • The average score is 28 of 42
Answer Stats
Hint Answer % Correct
Barman (S1-S8) Mateo
96%
2nd Solana Manageress Joyce
93%
Transvestite Hotel Worker Lesley
90%
Kenneth's Co-Worker/Bestmate Liam
90%
Clive's Son Tiger
90%
Micheal's Grandmother Madge
89%
Micheal's Dad Mick
89%
Micheal's Mum Janice
88%
Madge's Late Husband Mel
88%
Breaks Her Leg and Arm Sam
88%
1st Solana Manageress Janey
87%
Tiger's Dad Clive
85%
'The Oracle' Geoff
85%
Salon Owner Kenneth
83%
Micheal's Sister Chantelle
82%
Chantelle's 1st Baby Coolio
80%
Geoff's 'PA' (Mum) Noreen
78%
Tiger's Mum Tonya
76%
Joins Martin (S3) Brandy
75%
Gay Couple Troy and Gavin
75%
Tiger's Bestmate (S6-S7) Micheal
74%
Geoff's Sister Pauline
73%
Martin's Wife Kate
71%
Sam's Bestmate (S4) Natalie
70%
Very Stupid Boy Joey
68%
Mr Dawson Billy
67%
Punches Mateo (S1) Martin
66%
Swingers Donald and Jacqueline
65%
New Barmaid (S8) Amber
58%
Tiger's Sister Bianca
49%
Sam's Bestmate (S5) Trudy
49%
Makes it to Stage School Jodi
48%
Billy's Dad Eddie
47%
Billy's Eldest Son Rob
45%
Mrs Dawson Sheron
42%
Tiger's Auntie Terri
33%
Kidnaps Troy (S8) Daisy
31%
Chantelle's 2nd Baby Py
31%
Janey's Nephew Jason
26%
Tiger Snogs Her (S7) Annie
18%
Martin's Mother Diana
16%
Brandy's Accomplice Marcus
15%
No matching quizzes found
Score Distribution
Percent of People with Each Score
Percentile by Number Answered
Your Score History
You have not taken this quiz